000 00683nam a2200289Ia 4500
005 20260324143650.0
008 008 260324s9999 xx 000 0 eng d
020 _a9781315035437
037 _aEBOOK
040 _aCRL
040 _beng
040 _cCRL
041 _2eng
041 _aeng
084 _qCRL
100 _aDavid Glantz
_91193768
245 4 _aThe Soviet Conduct of Tactical Maneuver
245 0 _bSpearhead of the Offensive
260 _bTaylor and Francis
260 _c1991
365 _a
365 _b315
856 _uhttp://www.taylorfrancis.com/books/9781315035437
942 _cEBOOK
999 _c1822135
_d1822135